El Juicio Penal Digital Juicios no presenciales a distancia en el ciberespacio /

Bibliographic Details
Main Author: Cafferata Nores, Jos ̌Ignacio
Format: eBook
Language:Spanish
Published: Cr̤doba: Alveroni Ediciones, 2020
Subjects:
Online Access:Acceso restringido

MARC

LEADER 00000nam a22000007a 4500
005 20210519214221.0
007 cr|||| |||
008 210519t2020 ar |||||s|||| 00||0 spa d
020 |a 978-987-643-192-7 
035 |a 33591 
040 |a vLex 
090 |c 11734  |d 11734 
100 1 |a Cafferata Nores, Jos ̌Ignacio 
245 1 2 |a El Juicio Penal Digital  |h [Recurso electrn̤ico] :  |b Juicios no presenciales a distancia en el ciberespacio /  |c Jos ̌Ignacio Cafferata Nores 
256 |a Servicio en ln̕ea 
260 |a Cr̤doba:  |b Alveroni Ediciones,  |c 2020 
300 |a 1 recurso electrn̤ico 
506 1 |a Disponible solo en los productos indicados  |d vLex Global  |d vLex Global (Academic Edition, excluding Law Schools)  |d vLex Global (U.S. Academic Edition, Law Schools)  |d vLex Global (U.S. Academic Edition, excluding Law Schools)  |d vLex Global (Academic Edition, Law Schools) 
650 0 4 |a Derecho Penal  |z Argentina 
740 0 |a vLex Libros (Servicio en ln̕ea) 
856 4 0 |u https://vlex.com/source/juicio-penal-digital-juicios-no-presenciales-a-distancia-en-el-ciberespacio-33591  |z Acceso restringido 
942 |c BOOK 
999 0 |a Criminal law